States Won by Trump and Clinton by the Largest Percentage - Statistics

General Stats
  • This quiz has been taken 955 times
  • The average score is 8 of 11
Answer Stats
% for Trump State % Correct
61 California
93%
63 Alabama
79%
61 Vermont
72%
62 Hawaii
70%
70 Wyoming
69%
64 North Dakota
68%
65 Oklahoma
68%
61 Massachusetts
64%
63 Kentucky
59%
69 West Virginia
58%
61 Maryland
57%
No matching quizzes found
Score Distribution
Percent of People with Each Score
Percentile by Number Answered
Your Score History
You have not taken this quiz